Missing Word: Ernest Borgnine Quiz Stats

 Plays Quiz not verified by Sporcle

Support Sporcle.
Go Orange.
Score 0/20 Timer 03:00
0 Plays Today
% Correct
Here
96%
Sponge
96%
North
92%
Dogs
92%
Dirty
81.3%
Love
81.3%
Adventure
80%
Navy
80%
Martin
78.7%
Zebra
69.3%
% Correct
Escape
69.3%
Wild
66.7%
Phoenix
58.7%
Black
58.7%
Moon
56%
Squares
41.3%
Air
17.3%
Wagon
13.3%
Guy
12%
Future
5.3%

You're not logged in!

Compare scores with friends on all Sporcle quizzes.
OR
Log In
Forgot?

From the Vault

Missing Middles Medley: W

by MSUKent

'W' isn't even close to being in the middle of the alphabet, but we'll let it slide this one time.
Remove Ads.
Support Sporcle.
Get the best of Sporcle when you Go Orange. This ad-free experience offers more features, more stats, and more fun while also helping to support Sporcle. Thank you for becoming a member.

Show Comments

Extras

Top Quizzes Today


Score Distribution

Your Account Isn't Verified!

In order to create a playlist on Sporcle, you need to verify the email address you used during registration. Go to your Sporcle Settings to finish the process.

Report this User

Report this user for behavior that violates our Community Guidelines.

Details: